000 00584nam a2200205 i 4500
001 43665
003 ES-MaACL
005 20230906160844.0
007 t|
008 030318s1977 sp ||||1| spa d
100 1 _aCaturelli, Alberto.
_937090
245 1 3 _aLa filosofía /
_cAlberto Caturelli.
250 _a2ª ed. rev. y aum.
260 _a[Madrid] :
_bGredos,
_c[1977]
300 _a591 p. ;
_c25 cm.
490 1 _aBiblioteca hispánica de filosofía
830 0 _aBiblioteca hispánica de filosofía
_9181000
852 _aES-MaACL
_jA-6660
_bR.95717
999 _c43665
_d43665